Global office real estate review 2008 (Record no. 108153)

MARC details
000 -LEADER
fixed length control field 01498cad a22002415a 4500
001 - CONTROL NUMBER
control field L143418
008 - FIXED-LENGTH DATA ELEMENTS--GENERAL INFORMATION
fixed length control field 080507s2008 d f s 000 0 eng d
035 ## - SYSTEM CONTROL NUMBER
System control number (Sirsi) u143418
041 0# - LANGUAGE CODE
Language code of text/sound track or separate title eng
050 04 - LIBRARY OF CONGRESS CALL NUMBER
Classification number 333.33 $2 18
110 2# - MAIN ENTRY--CORPORATE NAME
Corporate name or jurisdiction name as entry element Colliers International Property Consultants
9 (RLIN) 1881
245 00 - TITLE STATEMENT
Title Global office real estate review 2008
Medium [electronic resource]
260 ## - PUBLICATION, DISTRIBUTION, ETC.
Place of publication, distribution, etc. [S.l.]
Name of publisher, distributor, etc. Colliers
Date of publication, distribution, etc. 2008
490 #0 - SERIES STATEMENT
Series statement Colliers Global Office Real Estate Review
Volume/sequential designation 2008
520 ## - SUMMARY, ETC.
Summary, etc. Reveals office space remains in high demand for most regions of the world, demonstrated by lower vacancies and higher rents. However, the pace of falling vacancies and higher rents has dropped from six months ago as the impact of the global credit crunch impacts on several principal financial centres. US and Canadian office markets recorded modest slowdown in the latter half of 2007, while the Asia Pacific region posted uneven results with an increase in the regional vacancy rate. The office markets in Europe, the Middle East and South Africa recorded reasonable growth, while the Latin American region performed best with substantially lower vacancies and higher rents across nearly all markets.
521 2# - TARGET AUDIENCE NOTE
Target audience note Advanced
590 ## - LOCAL NOTE (RLIN)
Local note KA NTK
650 24 - SUBJECT ADDED ENTRY--TOPICAL TERM
Topical term or geographic name entry element COLLIERS GLOBAL OFFICE REAL ESTATE REVIEW
651 #4 - SUBJECT ADDED ENTRY--GEOGRAPHIC NAME
Geographic name International
690 ## - LOCAL SUBJECT ADDED ENTRY--TOPICAL TERM (OCLC, RLIN)
Topical term or geographic name as entry element PROPERTY-COMMERCIAL PROPERTY-COMMERCIAL PROPERTY MARKET
856 40 - ELECTRONIC LOCATION AND ACCESS
Uniform Resource Identifier <a href="https://www.colliers.com">https://www.colliers.com</a>
Public note View the item free of charge at www.colliers.com...
942 ## - ADDED ENTRY ELEMENTS (KOHA)
Suppress in OPAC 0
Holdings
Withdrawn status Lost status Source of classification or shelving scheme Damaged status Not for loan Home library Current library Shelving location Date acquired Total Checkouts Full call number Barcode Date last seen Copy number Price effective from Koha item type
    Dewey Decimal Classification     Virtual Virtual Online 07/05/2008   ONLINE PUBLICATION 143418-2001 06/08/2019 1 06/08/2019 Book